Catálogo

Nuevos ensayos de antropología : (Registro nro. 41551)

Detalles MARC
000 -LEADER
fixed length control field 01712cam a2200433 i 4500
001 - CONTROL NUMBER
control field 41551
003 - CONTROL NUMBER IDENTIFIER
control field Mx-PuUPA
005 - DATE AND TIME OF LATEST TRANSACTION
control field 20250611093952.0
008 - FIXED-LENGTH DATA ELEMENTS--GENERAL INFORMATION
fixed length control field 140415s2014 sp gr 001 0 spa d
017 ## - COPYRIGHT OR LEGAL DEPOSIT NUMBER
Copyright or legal deposit number S. 350-2014
020 ## - INTERNATIONAL STANDARD BOOK NUMBER
International Standard Book Number 9788430118786
040 ## - CATALOGING SOURCE
Original cataloging agency Mx-PuUPA
Language of cataloging spa
Transcribing agency Mx-PuUPA
Modifying agency Mx-PuUPA
Description conventions rda
041 1# - LANGUAGE CODE
Language code of text/sound track or separate title spa
Language code of original fre
100 1# - MAIN ENTRY--PERSONAL NAME
Personal name Maine de Biran, Pierre,
Dates associated with a name 1766-1824
Relator term autor
9 (RLIN) 17156
245 10 - TITLE STATEMENT
Title Nuevos ensayos de antropología :
Remainder of title seguidos de nota sobre la idea de existencias y últimos fragmentos /
Statement of responsibility, etc. Maine de Biran ; traducción, notas y estudio de Juan Padilla
264 #1 - PRODUCTION, PUBLICATION, DISTRIBUTION, MANUFACTURE, AND COPYRIGHT NOTICE
Place of production, publication, distribution, manufacture Salamanca, España :
Name of producer, publisher, distributor, manufacturer Ediciones Sígueme,
Date of production, publication, distribution, manufacture, or copyright notice 2014
300 ## - PHYSICAL DESCRIPTION
Extent 302 páginas ;
Dimensions 21 cm
336 ## - CONTENT TYPE
Fuente rdacontent
Content type term texto
Content type code txt
337 ## - MEDIA TYPE
Source rdamedia
Media type term sin medio
Media type code n
338 ## - CARRIER TYPE
Source rdacarrier
Carrier type term volumen
Carrier type code nc
490 0# - SERIES STATEMENT
Series statement Hermeneia ;
Volume/sequential designation 105
505 0# - FORMATTED CONTENTS NOTE
Title Nuevos ensayos de Antropología
505 0# - FORMATTED CONTENTS NOTE
Title Nota sobre la idea de la existencia
505 0# - FORMATTED CONTENTS NOTE
Title Últimos fragmentos
650 #7 - SUBJECT ADDED ENTRY--TOPICAL TERM
Source of heading or term armarc
Topical term or geographic name entry element Antropología filosófica
650 #7 - SUBJECT ADDED ENTRY--TOPICAL TERM
Source of heading or term armarc
Topical term or geographic name entry element Existencia
650 #7 - SUBJECT ADDED ENTRY--TOPICAL TERM
Source of heading or term armarc
Topical term or geographic name entry element Filosofía francesa
Chronological subdivision Siglos XVIII - XIX
650 #7 - SUBJECT ADDED ENTRY--TOPICAL TERM
Source of heading or term armarc
Topical term or geographic name entry element Ontología
700 1# - ADDED ENTRY--PERSONAL NAME
Personal name Padilla, Juan,
Relator term traductor
-- autor de notas
-- autor de estudio
700 12 - ADDED ENTRY--PERSONAL NAME
Personal name Biran, Maine de,
Title of a work Nouveaux essais d'anthropologie
Language of a work Español
700 12 - ADDED ENTRY--PERSONAL NAME
Personal name Biran, Maine de,
Title of a work Note sur l'idée d'existence
Dates associated with a name Español
700 12 - ADDED ENTRY--PERSONAL NAME
Personal name Biran, Maine de,
Title of a work Derniers fragments
Language of a work Español
740 02 - ADDED ENTRY--UNCONTROLLED RELATED/ANALYTICAL TITLE
Uncontrolled related/analytical title Nota sobre la idea de existencia
740 02 - ADDED ENTRY--UNCONTROLLED RELATED/ANALYTICAL TITLE
Uncontrolled related/analytical title Últimos fragmentos
942 ## - ADDED ENTRY ELEMENTS (KOHA)
Source of classification or shelving scheme Dewey Decimal Classification
Koha item type Libro
Classification part 128
Item part B6718
Existencias
Withdrawn status Lost status Source of classification or shelving scheme Damaged status Not for loan Collection code Home library Current library Shelving location Date acquired Source of acquisition Cost, normal purchase price Total Checkouts Full call number Barcode Date last seen Cost, replacement price Price effective from Koha item type
    Dewey Decimal Classification     General Biblioteca Karol Wojtyla Biblioteca Karol Wojtyla Sala general 29/11/2024 Donación 0.00   128 B6718 2014 62665 05/01/2026 0.00 03/12/2013 Libro